000
00328nam a2200133Ia 4500
008
240624s9999 xx 000 0 und d
041
_a
eng
082
_a
891.43 NEE
100
_a
NEERAJ GOPALDAS
245
_a
KAVYANJALI
260
_c
2014
_a
New Delhi
_b
Manjul Publishing House Pvt. Ltd.
300
_a
160 p.
365
_c
RS
_b
20
999
_c
30958
_d
30958